The way we live now (Record no. 79237)

MARC details
000 -CABECERA
campo de control de longitud fija 00634nam a2200241 a 4500
005 - FECHA Y HORA DE LA ÚLTIMA TRANSACCIÓN
campo de control 20210219153530.0
008 - ELEMENTOS DE LONGITUD FIJA--INFORMACIÓN GENERAL
campo de control de longitud fija 991125n 000 0 u
035 ## - NÚMERO DE CONTROL DEL SISTEMA
Número de control de sistema UPN01000105093
100 ## - ASIENTO PRINCIPAL--NOMBRE PERSONAL
Nombre de persona Tompkins, Jane
222 ## - TÍTULO CLAVE
Título clave CHANGE
245 ## - MENCIÓN DE TÍTULO
Título The way we live now
300 ## - DESCRIPCIÓN FÍSICA
Extensión 12-19
362 ## - FECHAS DE PUBLICACIÓN Y/O DESIGNACIÓN SECUENCIAL
Fecha de publicación y/o designación secuencial 24, No. 6, 1992
505 ## - NOTA DE CONTENIDO CON FORMATO PREESTABLECIDO
Nota de contenido con formato Mayo 1993
653 0# - TERMINO DE INDIZACION - NO CONTROLADO
Término no controlado ACTITUD DOCENTE
653 0# - TERMINO DE INDIZACION - NO CONTROLADO
Término no controlado CALIDAD DE VIDA DEL TRABAJADOR
653 0# - TERMINO DE INDIZACION - NO CONTROLADO
Término no controlado FACULTAD COLEGIAL
653 0# - TERMINO DE INDIZACION - NO CONTROLADO
Término no controlado MEDIO AMBIENTE EN EL TRABAJO
653 0# - TERMINO DE INDIZACION - NO CONTROLADO
Término no controlado RELACION ENTRE COMPA\197EROS
653 0# - TERMINO DE INDIZACION - NO CONTROLADO
Término no controlado SATISFACCION DEL TRABAJO
904 ## - ELEMENTOS DE DATOS D LOCAL, LDD (RLIN)
a AC
b 042904
905 ## - TIPO DE MATERIAL
Tipo de material Articulo

No items available.